00605nam a2200157Ia 4500008004100000082001800041100002000059245005700079260002300136300000800159630005700167730005700224942000900281999001900290952013800309100122s9999 xx 000 0 und d b28375a954.04 aTHOMPSON EDWARD aTHE MAKING OF THE INDIAN PRINCES (क.क्र.2/3) bCURZON PRESSc1905 a304 aTHE MAKING OF THE INDIAN PRINCES (क.क्र.2/3) aTHE MAKING OF THE INDIAN PRINCES (क.क्र.2/3) cBOOK c368931d368928 00104070aSVPPARLEbSVPPARLEd1979-12-04g75.00l0o28375pSVPPARLE-28375r2010-01-25 00:00:00v75.00w2010-01-25yBOOKz", , , NA"